Spoločnosť mnohých prvenstiev Dobrá obchodná politika a ústretovosť k zákazníkovi žnú úspech
História vzniku kráľovskej holandskej leteckej spoločnosti KLM. Súčasné aktivity a postavenie spoločnosti vo svetovej konkurencii. Lietadlový park a preprava cestujúcich. Zastúpenie KLM na Slovensku.
Na minha lista:
| Autor principal: | |
|---|---|
| Formato: | Capítulo de Livro |
| Idioma: | eslovaco |
| Assuntos: | |
| Tags: |
Sem tags, seja o primeiro a adicionar uma tag!
|
MARC
| LEADER | 00000naa a2200000 4500 | ||
|---|---|---|---|
| 001 | r016036 | ||
| 005 | 20221205091002.9 | ||
| 041 | 0 | |a slo | |
| 044 | |a SK | ||
| 245 | 1 | 0 | |a Spoločnosť mnohých prvenstiev |b Dobrá obchodná politika a ústretovosť k zákazníkovi žnú úspech |c J. Kálaj |
| 520 | |a História vzniku kráľovskej holandskej leteckej spoločnosti KLM. Súčasné aktivity a postavenie spoločnosti vo svetovej konkurencii. Lietadlový park a preprava cestujúcich. Zastúpenie KLM na Slovensku. | ||
| 610 | 2 | 0 | |a KLM |
| 610 | 2 | 0 | |a doprava letecká |
| 610 | 2 | 0 | |a spoločnosti letecké |
| 610 | 2 | 0 | |a Holandsko |
| 610 | 2 | 0 | |a lietadlá |
| 100 | 1 | |a Kálaj, J. | |